Teobaldo II de Navarra, 1253-1270 (Registro nro. 12463)

Detalles MARC
000 -LEADER
campo de control de longitud fija 01243nam a2200313 i 4500
001 - NÚMERO DE CONTROL
campo de control 12463
003 - IDENTIFICADOR DE NÚMERO DE CONTROL
campo de control ES-MaACL
005 - FECHA Y HORA DE LA ÚLTIMA TRANSACCIÓN
campo de control 20240527195126.0
007 - CAMPO FIJO DE DESCRIPCIÓN FÍSICA--INFORMACIÓN GENERAL
campo de control de longitud fija t|
008 - DATOS DE LONGITUD FIJA--INFORMACIÓN GENERAL
campo de control de longitud fija 000000s1985 sp |||| | spa d
020 ## - NÚMERO INTERNACIONAL ESTÁNDAR DEL LIBRO
Número Internacional Estándar del Libro 84-235-0686-X
080 ## - NÚMERO DE LA CLASIFICACIÓN DECIMAL UNIVERSAL
Número de la Clasificación Decimal Universal 946.51"1253/70"
080 ## - NÚMERO DE LA CLASIFICACIÓN DECIMAL UNIVERSAL
Número de la Clasificación Decimal Universal 336(460.16)"1253/70"
100 1# - ENTRADA PRINCIPAL--NOMBRE DE PERSONA
Nombre de persona García Arancón, María Raquel.
9 (RLIN) 54175
245 10 - MENCIÓN DEL TÍTULO
Título Teobaldo II de Navarra, 1253-1270
Resto del título : gobierno de la monarquía y recursos financieros /
Mención de responsabilidad, etc. Mª Raquel García Arancón ; prólogo por Ángel J. Martín Duque.
260 ## - PUBLICACIÓN, DISTRIBUCIÓN, ETC.
Lugar de publicación, distribución, etc. [Pamplona] :
Nombre del editor, distribuidor, etc. Gobierno de Navarra, Departamento de Educación y Cultura :
-- Institución Principe de Viana,
Fecha de publicación, distribución, etc. D.L. 1985.
300 ## - DESCRIPCIÓN FÍSICA
Extensión XVII, 378 p ;
Dimensiones 24 cm.
490 1# - MENCIÓN DE SERIE
Mención de serie Historia ;
Designación de volumen o secuencia 45
500 ## - NOTA GENERAL
Nota general Índices.
504 ## - NOTA DE BIBLIOGRAFÍA, ETC.
Nota de bibliografía, etc. Bibliografía: p. 13-36.
650 14 - PUNTO DE ACCESO ADICIONAL DE MATERIA--TÉRMINO DE MATERIA
Término de materia o nombre geográfico como elemento de entrada Hacienda pública-
Subdivisión geográfica Navarra (Reino)
9 (RLIN) 168155
651 #4 - PUNTO DE ACCESO ADICIONAL DE MATERIA--NOMBRE GEOGRÁFICO
Nombre geográfico Navarra (Reino)-
Subdivisión general Historia-
Subdivisión cronológica 1253-1270, Teobaldo II.
9 (RLIN) 168156
700 1# - ENTRADA AGREGADA--NOMBRE PERSONAL
Nombre de persona Martín Duque, Angel J.
9 (RLIN) 77477
710 1# - ENTRADA AGREGADA--NOMBRE DE ENTIDAD CORPORATIVA
Nombre de entidad corporativa o nombre de jurisdicción como elemento de entrada Navarra (Comunidad Autónoma).
Unidad subordinada Departamento de Educación y Cultura.
9 (RLIN) 5980
710 2# - ENTRADA AGREGADA--NOMBRE DE ENTIDAD CORPORATIVA
Nombre de entidad corporativa o nombre de jurisdicción como elemento de entrada Institución Príncipe de Viana
9 (RLIN) 4730
830 0# - PUNTO DE ACCESO ADICIONAL DE SERIE-TÍTULO UNIFORME
Título uniforme Historia ;
Designación de volumen o secuencia 45
9 (RLIN) 177536
852 ## - LOCALIZACIÓN
Ubicación ES-MaACL
Número de control de estantería L-19717
Existencias
Estatus retirado Estado de pérdida Estado de daño No para préstamo Biblioteca de origen Biblioteca actual Ubicación en estantería Fecha de adquisición Fuente de adquisición Total de préstamos Signatura topográfica completa Código de barras Visto por última vez Precio de reemplazo Tipo de ítem Koha
        Biblioteca del Ateneo de Madrid Biblioteca del Ateneo de Madrid Depósito 2 17/01/2008     L-19717 1012699 23/02/2023 23/02/2023 Libro impreso